000 01054nam0a22002411 4500
001 rc\225435
005 20250621003626.0
035 _a(NLR Aleph) 005479087
090 _a5109260
_c5109260
100 _a20030307d1990 |||y0rusy50 ca
101 0 _arus
102 _aRU
105 _aa |||||||||
200 1 _aРадиационная дозиметрия и палеодозиметрия на базе рекомбинационной радиолюминесценции некоторых минералов и синтетических материалов
_eДис. на соиск. учен. степ. д-ра физ.-мат. наук в форме науч. докл.
_e(01.04.05)
_fИн-т геологии АН Эстонии
210 _aТаллин
_cБ. и.
_d1990
215 _a49, [1] с.
_cил.
320 _aБиблиогр.: с. 45-50 (56 назв.)
700 1 _aХютт
_bГ.И.
_gГалина Исааковна
801 0 _aRU
_bNLR
_gpsbo
801 1 _aRU
_bELAR
_2rusmarc
852 _aNLR
_jА90/19934
942 _cBOOK
980 _aNB